| 000 | 00765nam a2200253Ia 4500 | ||
|---|---|---|---|
| 003 | OSt | ||
| 005 | 20221005042305.0 | ||
| 006 | a|||||r|||| 00| 0 | ||
| 007 | ta | ||
| 008 | 221004b |||||||| |||| 00| 0 urd d | ||
| 020 |
_a8171211879 (hbk) _cINR 120.00 |
||
| 024 | _a35947 | ||
| 037 |
_b4929, 27/02/2017, Kitabi Duniya _cTextual |
||
| 040 |
_aCRL _cCRL _burd |
||
| 041 |
_2urd _aurd |
||
| 082 | _aO168,3N231x, Q3 | ||
| 100 |
_aVerma Balraj Au. _9183816 |
||
| 245 | 0 | _aBalraj Verma ke muntakhab afsane | |
| 260 |
_aDelhi _bUrdu academy India _c2013 |
||
| 300 |
_a312p. _ccm. |
||
| 650 |
_aURDU FICTION _93298 |
||
| 942 |
_hO168,3N231x, Q3 _cTEXL _2cc |
||
| 999 |
_c950009 _d950009 |
||